| 000 | 01448nam a2200457 i 4500 | ||
|---|---|---|---|
| 001 | 45890 | ||
| 003 | KOSZ 005 | ||
| 005 | 20210406115522.0 | ||
| 008 | 040823s2003 pl a f |000 0 pol | ||
| 015 | _aPB 2006/12798 | ||
| 020 | _a8373480676 | ||
| 040 |
_aWA N _cWA N _dKOSZ 005/HR |
||
| 041 | 0 |
_apol _beng |
|
| 046 | _k2003 | ||
| 080 | _a629.525 | ||
| 080 | _a629.563.2/.3 | ||
| 080 | _a532.5 | ||
| 080 | _a517.9 | ||
| 080 | _a519.87 | ||
| 100 | 1 |
_aRumianowski, Adam _eAutor |
|
| 245 | 1 | 0 |
_aBadania dynamiki wybranych morskich obiektów pływających / _cAdam Rumianowski. |
| 260 |
_aGdańsk : _bWydawnictwo Politechniki Gdańskiej, _c2003. |
||
| 300 |
_a213, [1] s. : _bil. ; _c24 cm. |
||
| 380 | _aKsiążki | ||
| 380 | _aPublikacje naukowe | ||
| 388 | _a2001- | ||
| 490 | 1 |
_aMonografie / Politechnika Gdańska ; _v41. |
|
| 504 | _aBibliogr. s. 204-210. | ||
| 546 | _aStreszcz. ang. | ||
| 650 | 4 | _aKatamarany | |
| 650 | 4 | _aPlatformy wiertnicze | |
| 650 | 4 | _aTrimarany | |
| 650 | 4 | _aModele matematyczne | |
| 650 | 4 | _aUkład dynamiczny | |
| 650 | 4 | _aHydrodynamika | |
| 658 | _aInżynieria i technika | ||
| 710 | 2 |
_aWydawnictwo Politechniki Gdańskiej _4pbl. |
|
| 830 | 0 |
_aMonografie - Politechnika Gdańska _v41 |
|
| 856 |
_uhttp://koha.tu.koszalin.pl/cgi-bin/koha/opac-detail.pl?biblionumber=45890 _yKatalog online BPK |
||
| 942 |
_2UKD _cKS |
||
| 999 |
_c45890 _d45890 |
||